| 000 | 00441nam a2200169Ia 4500 | ||
|---|---|---|---|
| 008 | 131103s9999 xx 000 0 und d | ||
| 040 | _aLoreto College | ||
| 041 | _aEnglish | ||
| 082 |
_aF/LOC _bLCBED/9876 |
||
| 100 | _aLockerbie, Jeannie | ||
| 245 |
_aOn duty in Bangladesh _cJeannie Lockerbie |
||
| 260 |
_aMichigan _bZondervan _c1973 |
||
| 300 |
_a191p. _c 18cm. |
||
| 650 | _aEnglish Fiction | ||
| 850 | _aLCBED/F/LOC | ||
| 942 | _cBK | ||
| 999 |
_c32556 _d83035 |
||